Loading...
Fine Arts - Auditory Fine Arts | 1 | 5 | 0 | 0 | 65 | 63 | 124.00 | 1 | 5 |
Fine Arts - Visual Fine Arts | 1 | 6 | 2 | 0 | 65 | 60 | 83.86 | 5 | 7 |
Philosophy | 0 | 6 | 1 | 1 | 55 | 64 | 93.33 | 5 | 6 |
Science - Physics | 0 | 4 | 0 | 1 | 40 | 75 | 105.50 | 2 | 4 |
Beliefs | 1 | 2 | 0 | 0 | 35 | 43 | 76.00 | 2 | 3 |
Other Arts: Auditory | 0 | 3 | 0 | 0 | 30 | 88 | 107.00 | 3 | 3 |
Literature - European Literature | 1 | 2 | 1 | 0 | 30 | 50 | 85.67 | 2 | 3 |
Literature - American Literature | 1 | 1 | 0 | 0 | 25 | 66 | 84.00 | 2 | 2 |
Science - Biology | 0 | 3 | 1 | 0 | 25 | 118 | 120.33 | 1 | 2 |
History - World History | 0 | 2 | 0 | 0 | 20 | 86 | 97.50 | 0 | 2 |
Other Science: Computer Science | 0 | 2 | 0 | 0 | 20 | 115 | 120.50 | 2 | 2 |
Literature - British Literature | 0 | 2 | 0 | 0 | 20 | 78 | 84.50 | 2 | 2 |
World and Other Literature | 0 | 2 | 0 | 0 | 20 | 135 | 137.00 | 2 | 2 |
Social Science | 0 | 2 | 0 | 1 | 20 | 123 | 130.50 | 2 | 2 |
Geography | 0 | 1 | 0 | 0 | 10 | 118 | 118.00 | 1 | 1 |
Other Science: Earth Science | 0 | 1 | 0 | 0 | 10 | 133 | 133.00 | 1 | 1 |
Current Events | 0 | 1 | 0 | 0 | 10 | 104 | 104.00 | 0 | 0 |
Other Science: Math | 0 | 2 | 2 | 0 | 10 | 116 | 124.00 | 0 | 2 |
Other Arts: Visual | 0 | 1 | 2 | 0 | 0 | 118 | 118.00 | 0 | 1 |